Insects / (Record no. 8)

MARC details
000 -LEADER
fixed length control field 00887cam a2200277 a 4500
005 - DATE AND TIME OF LATEST TRANSACTION
control field 20260322212002.0
008 - FIXED-LENGTH DATA ELEMENTS--GENERAL INFORMATION
fixed length control field data
010 ## - LIBRARY OF CONGRESS CONTROL NUMBER
LC control number 89021738
020 ## - INTERNATIONAL STANDARD BOOK NUMBER
International Standard Book Number 0811425061
020 ## - INTERNATIONAL STANDARD BOOK NUMBER
International Standard Book Number 9780811425063
040 ## - CATALOGING SOURCE
Original cataloging agency DLC
Transcribing agency DLC
Modifying agency DLC
042 ## - AUTHENTICATION CODE
Authentication code lcac
050 00 - LIBRARY OF CONGRESS CALL NUMBER
Classification number QL467.2
Item number .C67 1990
082 00 - DEWEY DECIMAL CLASSIFICATION NUMBER
Classification number 595.7
Edition information 20
092 ## - LOCALLY ASSIGNED DEWEY CALL NUMBER (OCLC)
Classification number 595.7 C67 1990
001 - CONTROL NUMBER
control field data
100 1# - MAIN ENTRY--PERSONAL NAME
Personal name Cooper, Elizabeth K.
245 10 - TITLE STATEMENT
Title Insects /
Statement of responsibility, etc. Elizabeth K. Cooper.
260 ## - PUBLICATION, DISTRIBUTION, ETC.
Place of publication, distribution, etc. Austin, Tex. :
Name of publisher, distributor, etc. Steck-Vaughn Library,
Date of publication, distribution, etc. 1990, c1988.
300 ## - PHYSICAL DESCRIPTION
Extent 48 p. :
Other physical details col. ill. ;
Dimensions 25 cm.
490 1# - SERIES STATEMENT
Series statement Facts about
520 ## - SUMMARY, ETC.
Summary, etc. Introduces various types of insects, describing their skin, wings, eyes, feelers, life cycles, and environments; how they breathe and eat; and those that are pests and those that are helpful.
650 #0 - SUBJECT ADDED ENTRY--TOPICAL TERM
Topical term or geographic name entry element Insects
General subdivision Juvenile literature.
650 #1 - SUBJECT ADDED ENTRY--TOPICAL TERM
Topical term or geographic name entry element Insects.
830 #0 - SERIES ADDED ENTRY--UNIFORM TITLE
Uniform title Facts about (Austin, Tex.)
Holdings
Withdrawn status Lost status Damaged status Not for loan Home library Current library Shelving location Date acquired Total checkouts Full call number Barcode Date last seen Price effective from Koha item type
        Centerville Centerville General stacks 22/03/2026   595.7 20 BC0010008 22/03/2026 22/03/2026 Books